<?xml version="1.0" encoding="UTF-8"?><?xml-stylesheet type="text/xsl" href="static/style.xsl"?><OAI-PMH xmlns="http://www.openarchives.org/OAI/2.0/" xmlns:xsi="http://www.w3.org/2001/XMLSchema-instance" xsi:schemaLocation="http://www.openarchives.org/OAI/2.0/ http://www.openarchives.org/OAI/2.0/OAI-PMH.xsd"><responseDate>2026-04-13T00:11:26Z</responseDate><request verb="GetRecord" identifier="oai:www.recercat.cat:10230/45764" metadataPrefix="marc">https://recercat.cat/oai/request</request><GetRecord><record><header><identifier>oai:recercat.cat:10230/45764</identifier><datestamp>2025-12-22T20:20:57Z</datestamp><setSpec>com_2072_6</setSpec><setSpec>col_2072_452954</setSpec></header><metadata><record xmlns="http://www.loc.gov/MARC21/slim" xmlns:dcterms="http://purl.org/dc/terms/" xmlns:xsi="http://www.w3.org/2001/XMLSchema-instance" xmlns:doc="http://www.lyncode.com/xoai" xsi:schemaLocation="http://www.loc.gov/MARC21/slim http://www.loc.gov/standards/marcxml/schema/MARC21slim.xsd">
   <leader>00925njm 22002777a 4500</leader>
   <datafield ind2=" " ind1=" " tag="042">
      <subfield code="a">dc</subfield>
   </datafield>
   <datafield ind2=" " ind1=" " tag="720">
      <subfield code="a">López Peña, Mónica J.</subfield>
      <subfield code="e">author</subfield>
   </datafield>
   <datafield ind2=" " ind1=" " tag="260">
      <subfield code="c">2020-11-13T15:26:22Z</subfield>
   </datafield>
   <datafield ind2=" " ind1=" " tag="260">
      <subfield code="c">2020-11-13T15:26:22Z</subfield>
   </datafield>
   <datafield ind2=" " ind1=" " tag="260">
      <subfield code="c">2020</subfield>
   </datafield>
   <datafield ind2=" " ind1=" " tag="520">
      <subfield code="a">Màster universitari online en Economia de la Salud i del Medicament. (UPF Barcelona School of Management). Curs 2018-2020</subfield>
   </datafield>
   <datafield ind2=" " ind1=" " tag="520">
      <subfield code="a">Mentor: Lluís Segú</subfield>
   </datafield>
   <datafield ind2=" " ind1=" " tag="520">
      <subfield code="a">Se realizó un análisis de impacto presupuestal (AIP) a tres años para evaluar el efecto financiero sobre el Sistema de Salud de Colombia derivado de la utilización adyuvante de cannabidiol (CBD) en el tratamiento de la epilepsia refractaria del síndrome de Lennox-Gastaut (SLG) y el síndrome de Dravet (SD). Para esto, se establecieron las dosis promedio de los medicamentos y los costos de adquisición para pacientes promedio (niño y adulto) en los dos escenarios farmacoterapéuticos de estudio (fármacos antiepilépticos o FAE y estos más CBD). También se determinaron los costos de los eventos adversos, los costos asociados a la enfermedad y a la monitorización de los diagnósticos señalados. El resultado muestra el esfuerzo adicional del presupuesto de 26 mil millones de pesos en los que incurriría el Sistema de Salud para financiar esta tecnología con recursos públicos, dadas las condiciones actuales del mercado.</subfield>
   </datafield>
   <datafield ind2=" " ind1=" " tag="520">
      <subfield code="a">A three-year budget impact analysis (BIP) was conducted to assess the financial effect on Colombia&amp;apos;s health system resulting from the adjuvant use of cannabidiol (CBD) for treatment of refractory epilepsy of Lennox-Gastaut syndrome (LGS) and Dravet syndrome (DS). For this, the average doses of the drug products and the acquisition costs for average patients (child and adult) were established in the two pharmacotherapeutic study scenarios (antiepileptic drugs (or AED) and these more CBD). The costs of adverse events, the costs associated with the disease and the monitoring of the diagnoses identified were also determined. The result shows the additional effort of the 26 billion Colombian pesos budget that the health system would incur to finance this technology with public resources, given current market conditions.</subfield>
   </datafield>
   <datafield tag="653" ind2=" " ind1=" ">
      <subfield code="a">Treball de fi de màster – Curs 2019-2020</subfield>
   </datafield>
   <datafield tag="653" ind2=" " ind1=" ">
      <subfield code="a">Cannabidiol</subfield>
   </datafield>
   <datafield tag="653" ind2=" " ind1=" ">
      <subfield code="a">Síndrome de Dravet</subfield>
   </datafield>
   <datafield tag="653" ind2=" " ind1=" ">
      <subfield code="a">Síndrome de Lennox-Gastaut</subfield>
   </datafield>
   <datafield tag="653" ind2=" " ind1=" ">
      <subfield code="a">Epilepsia refractaria</subfield>
   </datafield>
   <datafield tag="653" ind2=" " ind1=" ">
      <subfield code="a">Análisis de impacto presupuestal</subfield>
   </datafield>
   <datafield ind2="0" ind1="0" tag="245">
      <subfield code="a">Análisis de impacto presupuestal de la utilización de productos medicinales derivados de cannabis: para el tratamiento del Síndrome de Lennox-Gastaut y el Síndrome de Dravet en Colombia.</subfield>
   </datafield>
</record></metadata></record></GetRecord></OAI-PMH>